Musique : Années 80 90 ou 2000 - Statistiques

Statistiques générales
  • Ce quiz a été pris 201 fois
  • Le résultat moyen est 9 sur 15
Statistiques - réponses
Question Réponse % Correct
En apesanteur-Calogéro Années 2000
80%
New York avec toi-Téléphone Années 80
70%
Free from desire-Gala Années 90
70%
Joe le taxi-Vanessa Paradis Années 80
69%
A ma place-Axel Bauer et Zazie Années 2000
64%
La lambada- Kaoma Années 80
59%
Tomber pour elle-Pascal Obispo Années 90
58%
Tes yeux noirs- Indochine Années 80
57%
Je t'emmène au vent- Louise Attaque Années 90
57%
Désenchantée- Mylène Farmer Années 90
55%
C'est écrit-Francis Cabrel Années 80
53%
Man! I feel like a woman! - Shania Twain Années 90
50%
Ces soirées là- Yannick Années 2000
44%
Family affair- Mary J Blige Années 2000
42%
Tournent les violons-Jean Jaques Goldman Années 2000
28%
Aucun quiz correspondant
Distribution des résultats
% des personnes avec chaque résultat
Percentile par nombre de réponses
Votre historique - résultats
Vous n’avez pas pris ce quiz